[Event "Knarrevik Winter 1st"]
[Site "Knarrevik"]
[Date "2015.03.01"]
[Round "5"]
[White "Sorhus, Jostein"]
[Black "Velle, Vetle"]
[Result "0-1"]
[WhiteElo "1380"]
[BlackElo "1113"]
[PlyCount "54"]
[EventDate "2015.02.27"]
[EventType "swiss"]
[EventRounds "5"]
[EventCountry "NOR"]
[SourceTitle "EXT 2024"]
[Source "ChessBase"]
[SourceDate "2023.10.10"]
[SourceVersion "1"]
[SourceVersionDate "2023.10.10"]
[SourceQuality "1"]

1. d4 Nf6 2. c4 e6 3. Nf3 d5 4. g3 c5 5. cxd5 Nxd5 6. Bg2 b6 7. 0-0 Bb7 8. Ne5 cxd4 9. Qa4+ Nd7 10. Rd1 Bc5 11. a3 Qc7 12. Nxd7 Qxd7 13. Qxd7+ Kxd7 14. b4 Bd6 15. Bb2 e5 16. e3 dxe3 17. Bxd5 e2 18. Re1 Bxd5 19. Rxe2 f6 20. Rd2 Ke6 21. Nc3 Bc6 22. Re1 Rhd8 23. Rde2 Kf7 24. Rd2 Bc7 25. Rc2 Rd7 26. Rec1 Rad8 27. b5 Bb7 0-1

[Event "Straume Hordalandsmesterskap GP A"]
[Site "Straume"]
[Date "2014.04.06"]
[Round "5"]
[White "Alikhani, Afshin"]
[Black "Sorhus, Jostein"]
[Result "1-0"]
[WhiteElo "1530"]
[BlackElo "1313"]
[PlyCount "125"]
[EventDate "2014.04.04"]
[EventType "swiss"]
[EventRounds "5"]
[EventCountry "NOR"]
[SourceTitle "EXT 2024"]
[Source "ChessBase"]
[SourceDate "2023.10.10"]
[SourceVersion "1"]
[SourceVersionDate "2023.10.10"]
[SourceQuality "1"]

1. e4 c6 2. f4 d5 3. e5 Bf5 4. Nf3 e6 5. d4 c5 6. c3 Nc6 7. Bd3 Bxd3 8. Qxd3 Qb6 9. 0-0 cxd4 10. cxd4 Nge7 11. Nc3 Nf5 12. Ne2 Be7 13. g4 Nh6 14. h3 f6 15. exf6 gxf6 16. f5 Nxf5 17. gxf5 Nb4 18. Qb3 exf5 19. a3 Rg8+ 20. Kf2 Qa6 21. Bh6 Nd3+ 22. Ke3 f4+ 23. Bxf4 Nxf4 24. Nxf4 0-0-0 25. Rac1+ Kb8 26. Kd2 Bd6 27. Nh4 Qa5+ 28. Rc3 Bxf4+ 29. Rxf4 Rg3 30. Rff3 Rxf3 31. Nxf3 Qa6 32. Qd1 Rg8 33. Qe2 Qd6 34. Re3 Qf4 35. Kd1 a6 36. Re8+ Rxe8 37. Qxe8+ Ka7 38. Qe2 Qf5 39. Qf1 Qb1+ 40. Ke2 Qxb2+ 41. Nd2 Qxa3 42. Qf5 Qe7+ 43. Kd3 Qf7 44. Nf1 Qg6 45. Qxg6 hxg6 46. Ne3 f5 47. Nxd5 g5 48. Ne7 f4 49. Nc8+ Kb8 50. Nd6 b5 51. Ne4 f3 52. Nxg5 f2 53. Ke2 a5 54. Ne4 a4 55. Nc3 a3 56. Na2 Kc7 57. h4 Kb6 58. h5 b4 59. Nxb4 Kb5 60. Nc2 a2 61. Kxf2 Kc4 62. Ke2 Kc3 63. Kd1 1-0

[Event "Bergen Grand Prix B"]
[Site "Bergen"]
[Date "2013.10.18"]
[Round "1"]
[White "Fjellengen, Bard"]
[Black "Sorhus, Jostein"]
[Result "1-0"]
[WhiteElo "1761"]
[BlackElo "1292"]
[PlyCount "123"]
[EventDate "2013.10.18"]
[EventType "swiss"]
[EventRounds "5"]
[EventCountry "NOR"]
[SourceTitle "EXT 2024"]
[Source "ChessBase"]
[SourceDate "2023.10.10"]
[SourceVersion "1"]
[SourceVersionDate "2023.10.10"]
[SourceQuality "1"]

1. d4 Nf6 2. Nf3 e6 3. c4 b6 4. Nc3 Bb7 5. e3 d5 6. cxd5 Nxd5 7. Bc4 Nd7 8. 0-0 Be7 9. Qe2 N7f6 10. Ba6 Bxa6 11. Qxa6 0-0 12. Nxd5 exd5 13. Bd2 Qc8 14. Qa4 Qd7 15. Qb3 c5 16. Ne5 Qc7 17. Rfc1 c4 18. Qa4 a6 19. Bb4 b5 20. Qa3 Rfe8 21. Bxe7 Qxe7 22. Qa5 Qd8 23. Qxd8 Rexd8 24. a4 Re8 25. axb5 axb5 26. Nc6 Kf8 27. Na7 Reb8 28. Ra5 Rb7 29. Rca1 Rab8 30. Nc6 Rc8 31. Ra8 Rbc7 32. Rxc8+ Rxc8 33. Ra6 Ne8 34. f3 f5 35. Nb4 Nc7 36. Rc6 Ke8 37. Nxd5 Kd7 38. Rc5 Nxd5 39. Rxd5+ Ke6 40. Rxb5 c3 41. bxc3 Rxc3 42. Re5+ Kf6 43. f4 Rc2 44. h4 h6 45. h5 g5 46. hxg6 Kxg6 47. Kh2 Rd2 48. Kh3 Kf6 49. Kg3 Rd3 50. Kf3 Rd2 51. Rc5 Kg6 52. Rc6+ Kg7 53. g4 fxg4+ 54. Kxg4 Rg2+ 55. Kf5 h5 56. d5 h4 57. Rc1 h3 58. Rh1 h2 59. e4 Rd2 60. Ke6 Kf8 61. f5 Re2 62. e5 1-0

[Event "Kragero Grand Prix A"]
[Site "Kragero"]
[Date "2013.09.06"]
[Round "5"]
[White "Paulsen, Stig Atle"]
[Black "Sorhus, Jostein"]
[Result "1-0"]
[WhiteElo "1422"]
[BlackElo "1284"]
[PlyCount "47"]
[EventDate "2013.09.06"]
[EventType "swiss"]
[EventRounds "5"]
[EventCountry "NOR"]
[SourceTitle "EXT 2024"]
[Source "ChessBase"]
[SourceDate "2023.10.10"]
[SourceVersion "1"]
[SourceVersionDate "2023.10.10"]
[SourceQuality "1"]

1. e4 c5 2. Nf3 d6 3. Bc4 e6 4. Nc3 a6 5. a4 Be7 6. 0-0 Nc6 7. d4 cxd4 8. Nxd4 Qc7 9. Kh1 Nxd4 10. Qxd4 Bf6 11. Qd3 Bd7 12. Bd2 Ne7 13. Bb3 Nc6 14. Bf4 Ne5 15. Bxe5 Bxe5 16. f4 Bxc3 17. bxc3 Rd8 18. f5 0-0 19. f6 g6 20. Qe3 Kh8 21. Qh6 Rg8 22. e5 dxe5 23. Rf3 Bc6 24. Qxh7+ 1-0

[Event "Hordaland-ch NGP B"]
[Site "Bergen"]
[Date "2013.06.02"]
[Round "4"]
[White "Nylund, Kjetil"]
[Black "Sorhus, Jostein"]
[Result "0-1"]
[WhiteElo "1222"]
[BlackElo "1321"]
[PlyCount "86"]
[EventDate "2013.05.31"]
[EventType "swiss"]
[EventRounds "5"]
[EventCountry "NOR"]
[SourceTitle "EXT 2024"]
[Source "ChessBase"]
[SourceDate "2023.10.10"]
[SourceVersion "1"]
[SourceVersionDate "2023.10.10"]
[SourceQuality "1"]

1. c4 c5 2. Nf3 Nf6 3. Nc3 e6 4. e3 Be7 5. d4 cxd4 6. exd4 d5 7. cxd5 Nxd5 8. Qa4+ Bd7 9. Qb3 Nxc3 10. bxc3 0-0 11. Be2 Qc7 12. Bd2 Nc6 13. 0-0 Na5 14. Qb2 Bd6 15. Rac1 Bc6 16. h3 Bd5 17. Qc2 Bc4 18. Bxc4 Nxc4 19. Rfe1 Rfc8 20. Red1 b6 21. Be1 Ba3 22. Rb1 Bd6 23. Kf1 Na3 24. Qe4 Nxb1 25. Rxb1 Qc6 26. Qd3 Qc4 27. Qxc4 Rxc4 28. Ke2 Rac8 29. Kd3 f6 30. Rb3 e5 31. Nd2 R4c7 32. Ne4 Be7 33. d5 f5 34. Ng3 e4+ 35. Kc2 g6 36. Ne2 Bf6 37. g3 Be5 38. h4 Rc5 39. Ra3 a5 40. Rb3 b5 41. a3 Rxd5 42. Bd2 Kg7 43. Kb2 Rxd2+ 0-1

[Event "Bergen op-B"]
[Site "Bergen"]
[Date "2012.11.23"]
[Round "3"]
[White "Sevland, Kurt Normann"]
[Black "Sorhus, Jostein"]
[Result "0-1"]
[WhiteElo "1281"]
[BlackElo "1357"]
[PlyCount "122"]
[EventDate "2012.11.23"]
[EventType "swiss"]
[EventRounds "5"]
[EventCountry "NOR"]
[SourceTitle "EXT 2024"]
[Source "ChessBase"]
[SourceDate "2023.10.10"]
[SourceVersion "1"]
[SourceVersionDate "2023.10.10"]
[SourceQuality "1"]

1. e4 c5 2. c3 d5 3. exd5 Qxd5 4. Qf3 Qe5+ 5. Qe3 Qc7 6. Bb5+ Bd7 7. Bxd7+ Nxd7 8. Nf3 Ngf6 9. 0-0 e6 10. Re1 Bd6 11. g3 h5 12. Na3 Ng4 13. Qd3 a6 14. Nc4 Be7 15. h3 b5 16. Qe4 Rc8 17. hxg4 bxc4 18. gxh5 Nf6 19. Qxc4 Nxh5 20. Qg4 Qb7 21. Qe4 Qc7 22. Qg4 g6 23. d4 Nf6 24. Qf4 Qc6 25. Nh4 g5 26. Qxg5 Kd7 27. dxc5 Rcg8 28. Qd2+ Kc8 29. Ng2 Rh3 30. Qd3 Rgh8 31. Kf1 Rh1+ 32. Ke2 Qxg2 33. Qxa6+ Kd7 34. Qa7+ Ke8 35. Qb8+ Bd8 36. Bg5 Qe4+ 37. Be3 Qc2+ 38. Kf3 R1h5 39. Rad1 Rf5+ 40. Bf4 Nd5 41. Rd4 Rh2 42. Re2 Qc1 43. Rxd5 Qh1+ 44. Ke3 Qxd5 45. Qd6 Qxc5+ 46. Qxc5 Rxc5 47. Bd6 Rd5 48. Bb8 Bb6+ 49. Kf3 Rd3+ 50. Ke4 Rd1 51. b4 Rxf2 52. Rxf2 Bxf2 53. a4 Ke7 54. a5 f5+ 55. Kf3 Be1 56. Ke2 Rc1 57. a6 Bxc3 58. a7 Ra1 59. b5 Bd4 60. Bc7 Rxa7 61. b6 Rb7 0-1

[Event "Bergen op-B"]
[Site "Bergen"]
[Date "2012.11.23"]
[Round "5"]
[White "Solli, Jarle"]
[Black "Sorhus, Jostein"]
[Result "1-0"]
[WhiteElo "1296"]
[BlackElo "1357"]
[PlyCount "71"]
[EventDate "2012.11.23"]
[EventType "swiss"]
[EventRounds "5"]
[EventCountry "NOR"]
[SourceTitle "EXT 2024"]
[Source "ChessBase"]
[SourceDate "2023.10.10"]
[SourceVersion "1"]
[SourceVersionDate "2023.10.10"]
[SourceQuality "1"]

1. e4 c5 2. Nf3 d6 3. g3 Nf6 4. d3 Bg4 5. Bg2 Nc6 6. Be3 Ne5 7. Nbd2 Nxf3+ 8. Nxf3 Qa5+ 9. Bd2 Qb6 10. Bc3 e5 11. 0-0 Qc7 12. Qc1 h6 13. h3 Be6 14. b3 a5 15. a4 Qd7 16. Kh2 Be7 17. Qd2 g5 18. Ng1 b6 19. f4 gxf4 20. gxf4 Qc7 21. fxe5 dxe5 22. Nf3 Nd7 23. Qf2 0-0-0 24. Nh4 Rdg8 25. Nf5 Bf8 26. Rg1 f6 27. Kh1 Bxf5 28. exf5 Bd6 29. Bd5 Rf8 30. Rg7 Kb8 31. Qg2 Re8 32. Be6 Re7 33. Rg8+ Rxg8 34. Qxg8+ Ka7 35. Bd5 e4 36. Qa8# 1-0

[Event "Bergen op-B"]
[Site "Bergen"]
[Date "2012.11.23"]
[Round "2"]
[White "Sorhus, Jostein"]
[Black "Yilmaz, Kazim"]
[Result "1/2-1/2"]
[WhiteElo "1357"]
[BlackElo "1380"]
[PlyCount "171"]
[EventDate "2012.11.23"]
[EventType "swiss"]
[EventRounds "5"]
[EventCountry "NOR"]
[SourceTitle "EXT 2024"]
[Source "ChessBase"]
[SourceDate "2023.10.10"]
[SourceVersion "1"]
[SourceVersionDate "2023.10.10"]
[SourceQuality "1"]

1. c4 c6 2. g3 Nf6 3. Bg2 d5 4. cxd5 cxd5 5. d4 Nc6 6. Nf3 Bf5 7. Nc3 e6 8. Qb3 Nb4 9. e4 Nd3+ 10. Kf1 dxe4 11. Nh4 Qxd4 12. Be3 Qb4 13. Nxf5 Qxb3 14. Nxg7+ Bxg7 15. axb3 0-0 16. Nxe4 Nd5 17. Ke2 Nxe3 18. fxe3 Nxb2 19. Rac1 Rac8 20. Nd6 Rxc1 21. Rxc1 b6 22. Rc8 a5 23. Bc6 Be5 24. Rxf8+ Kxf8 25. Nc8 Bc7 26. Kd2 a4 27. bxa4 Nc4+ 28. Ke2 Nd6 29. Kd3 Nxc8 30. e4 Ke7 31. Kd4 f6 32. Ke3 Na7 33. Ba8 b5 34. axb5 Nxb5 35. Kf3 h5 36. h3 Nd4+ 37. Kf2 f5 38. exf5 Nxf5 39. g4 hxg4 40. hxg4 Nh6 41. Kf3 e5 42. Be4 Kf6 43. Kg3 Kg5 44. Kf3 Nxg4 45. Kg3 Nf6 46. Ba8 Kf5 47. Bf3 Ne4+ 48. Kg2 Kf4 49. Be2 Nd2 50. Bd3 Ke3 51. Bh7 Nc4 52. Kh3 Kf4 53. Kg2 Ne3+ 54. Kf2 Nf5 55. Bg8 e4 56. Bd5 e3+ 57. Kg2 Nh4+ 58. Kf1 Nf3 59. Bb7 Nh2+ 60. Ke2 Ba5 61. Bh1 Bd2 62. Bb7 Ng4 63. Ba8 Nf2 64. Bb7 Ne4 65. Ba6 Nc3+ 66. Kf1 Kf3 67. Bd3 Ne4 68. Be2+ Kf4 69. Ba6 Ng3+ 70. Kg1 e2 71. Bxe2 Nxe2+ 72. Kf1 Ng3+ 73. Kg2 Be3 74. Kh3 Kf3 75. Kh4 Ne4 76. Kh5 Bg5 77. Kg6 Kf4 78. Kf7 Kf5 79. Ke8 Ke6 80. Kf8 Bf6 81. Kg8 Ng5 82. Kf8 Nf7 83. Ke8 Ne5 84. Kf8 Ng4 85. Ke8 Nh6 86. Kf8 1/2-1/2

[Event "Bergen Grand Prix"]
[Site "Bergen"]
[Date "2011.11.13"]
[Round "5"]
[White "Sorhus, Jostein"]
[Black "Merkesvik, Frode"]
[Result "1-0"]
[WhiteElo "1326"]
[BlackElo "1152"]
[PlyCount "67"]
[EventDate "2011.11.13"]
[EventType "swiss"]
[EventRounds "5"]
[EventCountry "NOR"]
[SourceTitle "EXT 2024"]
[Source "ChessBase"]
[SourceDate "2023.10.10"]
[SourceVersion "1"]
[SourceVersionDate "2023.10.10"]
[SourceQuality "1"]

1. d4 d5 2. c4 Nf6 3. Nc3 Bf5 4. Qb3 Nc6 5. cxd5 Nxd4 6. Qa4+ c6 7. Qxd4 cxd5 8. e3 a6 9. Bd3 Bg6 10. Bxg6 hxg6 11. Nf3 e6 12. Bd2 Bd6 13. Rc1 Qb8 14. h3 b5 15. b4 Ke7 16. 0-0 Rc8 17. e4 Rc4 18. Qe3 Nxe4 19. Nxe4 Rxe4 20. Qb3 f6 21. Rc2 Ra7 22. Rfc1 Rc4 23. Rxc4 dxc4 24. Qc2 Kf7 25. Nd4 Rc7 26. Qe4 e5 27. Qd5+ Ke8 28. Qg8+ Kd7 29. Qxb8 exd4 30. Qb6 c3 31. Qxd4 Rc4 32. Qd3 Rxb4 33. Bxc3 Rc4 34. Rd1 1-0

[Event "Bergen Grand Prix"]
[Site "Bergen"]
[Date "2011.11.12"]
[Round "2"]
[White "Andreassen, Espen"]
[Black "Sorhus, Jostein"]
[Result "0-1"]
[WhiteElo "876"]
[BlackElo "1326"]
[PlyCount "110"]
[EventDate "2011.11.13"]
[EventType "swiss"]
[EventRounds "5"]
[EventCountry "NOR"]
[SourceTitle "EXT 2024"]
[Source "ChessBase"]
[SourceDate "2023.10.10"]
[SourceVersion "1"]
[SourceVersionDate "2023.10.10"]
[SourceQuality "1"]

1. e4 c5 2. Nf3 d6 3. d4 cxd4 4. Bc4 Qc7 5. b3 Nf6 6. Bb2 e5 7. 0-0 Nxe4 8. Nh4 Nf6 9. f4 Nc6 10. fxe5 dxe5 11. Re1 Be7 12. c3 Bg4 13. Be2 Bxe2 14. Qxe2 dxc3 15. Nxc3 0-0-0 16. Na4 Nd7 17. Nf5 Bb4 18. Red1 g6 19. Ne3 Nf6 20. Nc4 b5 21. Nxe5 Rxd1+ 22. Rxd1 Re8 23. Qxb5 Nxe5 24. Rc1 Nc6 25. Rxc6 Re1+ 26. Kf2 Ng4+ 27. Kf3 Nxh2+ 28. Kf2 Ng4+ 29. Kf3 Re3+ 30. Kxg4 Rg3+ 31. Kh4 Be7+ 32. Bf6 Bxf6+ 33. Rxf6 g5+ 34. Kh5 Kd8 35. Qd5+ Ke8 36. Qc6+ Qxc6 37. Rxc6 Rxg2 38. Ra6 Ke7 39. Nc5 f5 40. Rxa7+ Kf6 41. Nd7+ Ke7 42. Nc5+ Kf6 43. Ra6+ Ke5 44. Ne6 g4 45. Kg5 Rh2 46. Nc5 h6+ 47. Rxh6 Rxh6 48. Kxh6 g3 49. Nd3+ Ke4 50. Ne1 f4 51. b4 f3 52. Nxf3 Kxf3 53. b5 g2 54. b6 g1Q 55. b7 Qb6+ 0-1

[Event "Hordaland-ch NGP B"]
[Site "Bergen"]
[Date "2011.06.04"]
[Round "3"]
[White "Merkesvik, Frode"]
[Black "Sorhus, Jostein"]
[Result "0-1"]
[WhiteElo "1099"]
[BlackElo "1329"]
[PlyCount "102"]
[EventDate "2011.06.03"]
[EventType "swiss"]
[EventRounds "5"]
[EventCountry "NOR"]
[SourceTitle "EXT 2024"]
[Source "ChessBase"]
[SourceDate "2023.10.10"]
[SourceVersion "1"]
[SourceVersionDate "2023.10.10"]
[SourceQuality "1"]

1. d3 d5 2. Nf3 Nf6 3. c3 c5 4. Nbd2 Nc6 5. Qc2 e5 6. e4 d4 7. cxd4 cxd4 8. a3 Bg4 9. Be2 Rc8 10. Qa4 Bd7 11. Qb3 b5 12. 0-0 Na5 13. Qa2 Be6 14. b3 Bd6 15. a4 b4 16. Ng5 Bd7 17. Nc4 Bb8 18. Bd2 h6 19. Nf3 Nxc4 20. bxc4 a5 21. Bd1 0-0 22. Bb3 Bg4 23. Ne1 Be2 24. Nf3 Bxf1 25. Rxf1 Nd7 26. Bc1 Nc5 27. Qc2 Qb6 28. Qd1 f5 29. exf5 Rxf5 30. g4 Rxf3 31. Qxf3 Nxb3 32. Qd5+ Kh8 33. Bb2 Nc5 34. Qf3 Qd6 35. Qh3 g5 36. Bc1 Qg6 37. f4 exf4 38. Rf3 Re8 39. Qf1 Nxa4 40. h4 Nc3 41. Bb2 Ne2+ 42. Kg2 Nc3 43. Kg1 Re3 44. Rxe3 dxe3 45. h5 Qe6 46. Qe2 Kg8 47. Qe1 Qxg4+ 48. Kf1 Qf3+ 49. Kg1 Ne2+ 50. Kh2 Qxh5+ 51. Kg2 f3+ 0-1

[Event "Bergen Grand Prix"]
[Site "Bergen"]
[Date "2010.11.28"]
[Round "5"]
[White "Kyrkjebo, Marte Bakken"]
[Black "Sorhus, Jostein"]
[Result "0-1"]
[WhiteElo "1155"]
[BlackElo "1283"]
[PlyCount "118"]
[EventDate "2010.11.26"]
[EventType "swiss"]
[EventRounds "5"]
[EventCountry "NOR"]
[SourceTitle "EXT 2024"]
[Source "ChessBase"]
[SourceDate "2023.10.10"]
[SourceVersion "1"]
[SourceVersionDate "2023.10.10"]
[SourceQuality "1"]

1. e4 c5 2. Nc3 Nc6 3. g3 d6 4. Bg2 Nf6 5. d3 e6 6. f4 Be7 7. Nf3 a6 8. 0-0 Qc7 9. h3 Bd7 10. Be3 d5 11. e5 Nh5 12. Bf2 g6 13. Ne2 Rg8 14. g4 Ng7 15. g5 Rh8 16. d4 c4 17. b3 Na5 18. Qd2 Rc8 19. Rfc1 Qd8 20. Be1 c3 21. Qe3 Nf5 22. Qf2 h6 23. h4 Nc6 24. Bxc3 Na7 25. Be1 Nb5 26. c4 Nc7 27. Ng3 Ng7 28. cxd5 Nxd5 29. Rxc8 Qxc8 30. Ne4 Nxf4 31. Nf6+ Kf8 32. Nd2 Ngh5 33. Nde4 Bxf6 34. Nxf6 Bc6 35. Nxh5 Nxh5 36. Bxc6 Qxc6 37. Rd1 Qe4 38. Bb4+ Kg7 39. Re1 Qg4+ 40. Qg2 Qxd4+ 41. Qf2 Qxb4 42. Rf1 Qg4+ 43. Kh2 Rf8 44. gxh6+ Kxh6 45. Qe3+ Kg7 46. Qg5 Qe2+ 47. Qg2 Qxe5+ 48. Kg1 Qd4+ 49. Qf2 Qg4+ 50. Kh2 Qe4 51. Rg1 Rc8 52. Kh3 Rc3+ 53. Kh2 Rc2 54. Qxc2 Qxc2+ 55. Rg2 Qc7+ 56. Kg1 Nf4 57. Rd2 Qc3 58. Rh2 Qg3+ 59. Kh1 Qe1# 0-1

[Event "Kragero Grand Prix"]
[Site "Kragero"]
[Date "2010.08.??"]
[Round "2"]
[White "Nylund, Kjetil"]
[Black "Sorhus, Jostein"]
[Result "0-1"]
[WhiteElo "1340"]
[BlackElo "1244"]
[PlyCount "110"]
[EventDate "2010.08.20"]
[EventType "swiss"]
[EventRounds "5"]
[EventCountry "NOR"]
[SourceTitle "EXT 2024"]
[Source "ChessBase"]
[SourceDate "2023.10.10"]
[SourceVersion "1"]
[SourceVersionDate "2023.10.10"]
[SourceQuality "1"]

1. e4 c5 2. Nc3 d6 3. g3 Nc6 4. Bg2 Nf6 5. Nge2 Bg4 6. f3 Bd7 7. 0-0 e6 8. d4 cxd4 9. Nxd4 Qb6 10. Be3 Qxb2 11. Ndb5 Qb4 12. Rb1 Qa5 13. Rb3 d5 14. exd5 Nxd5 15. Nxd5 exd5 16. Bf4 Bc5+ 17. Kh1 0-0 18. Bc7 Bb6 19. Bd6 Rfd8 20. Qd3 a6 21. Nc3 Bc5 22. Bxc5 Qxc5 23. Na4 Qa5 24. Nb6 Rab8 25. Nxd7 Rxd7 26. a3 Re8 27. c3 Qc5 28. Qd2 Rde7 29. Qf2 Qxf2 30. Rxf2 Re1+ 31. Bf1 b5 32. Kg2 Ne5 33. a4 bxa4 34. Ra3 Nc4 35. Bxc4 dxc4 36. Rxa4 Rc8 37. Rxa6 Rc1 38. Ra3 Rb8 39. Rfa2 g6 40. Ra8 Rxa8 41. Rxa8+ Kg7 42. Ra3 Kf6 43. h3 h5 44. Kf2 Ke6 45. Ke3 Rd1 46. Ra6+ Kd5 47. Ra5+ Kc6 48. Ra3 Kb5 49. Ra7 Rd3+ 50. Ke4 f5+ 51. Kf4 Rxc3 52. Rg7 Rd3 53. Rxg6 c3 54. Kxf5 c2 55. Rg8 Rxf3+ 0-1

[Event "Hordaland-ch op-B"]
[Site "Bergen"]
[Date "2010.04.18"]
[Round "4"]
[White "Sorhus, Jostein"]
[Black "Aas, Flemming"]
[Result "1-0"]
[WhiteElo "1243"]
[BlackElo "949"]
[PlyCount "173"]
[EventDate "2010.04.16"]
[EventType "swiss"]
[EventRounds "5"]
[EventCountry "NOR"]
[SourceTitle "EXT 2024"]
[Source "ChessBase"]
[SourceDate "2023.10.10"]
[SourceVersion "1"]
[SourceVersionDate "2023.10.10"]
[SourceQuality "1"]

1. e4 e5 2. Nf3 Nc6 3. Bb5 a6 4. Ba4 Bc5 5. c3 Nf6 6. 0-0 0-0 7. Bxc6 dxc6 8. d3 Re8 9. Bg5 Qd6 10. h3 Bd7 11. Qe2 Bb6 12. Nbd2 c5 13. Nc4 Qe6 14. Ncxe5 Rad8 15. Ng4 Bb5 16. c4 Bc6 17. e5 Bxf3 18. Qxf3 Nxg4 19. Bxd8 Nxe5 20. Qxb7 Rxd8 21. Rfe1 a5 22. f4 Qc6 23. Qxc6 Nxc6 24. Re3 Nd4 25. Rae1 Kf8 26. Rc1 Re8 27. Kf2 Rxe3 28. Kxe3 Ke7 29. g4 c6 30. Rc3 f5 31. Rc1 Bc7 32. Rf1 g6 33. g5 Kd8 34. h4 Bd6 35. Rh1 Ne6 36. Rf1 Kc7 37. a4 Bf8 38. Kf3 Bg7 39. Re1 Kd6 40. Rb1 Nd4+ 41. Kg3 Nc2 42. b3 Nb4 43. Rd1 Na2 44. h5 Nc3 45. Rh1 Ne2+ 46. Kf3 Nd4+ 47. Kg3 Ke7 48. hxg6 hxg6 49. Re1+ Kd7 50. Kg2 Bf8 51. Rh1 Nxb3 52. Rh8 Ke8 53. Kf3 Nd2+ 54. Ke2 Nb1 55. Rh7 Nc3+ 56. Ke3 Be7 57. Rg7 Nxa4 58. Rxg6 Nb6 59. Rxc6 Nd7 60. d4 cxd4+ 61. Kxd4 Kf7 62. Rc7 Nf8 63. Ra7 Ne6+ 64. Ke3 Kf8 65. Rxa5 Bd6 66. Rxf5+ Kg7 67. Rf6 Bc5+ 68. Ke4 Nf8 69. Rc6 Be7 70. Rc7 Kf7 71. f5 Ke8 72. g6 Nd7 73. Rc8+ Bd8 74. g7 Ke7 75. Kf4 Nf6 76. Kg5 Ng8 77. Kg6 Nf6 78. Rxd8 Kxd8 79. Kxf6 Kc7 80. g8Q Kc6 81. Qd5+ Kb6 82. Ke6 Kc7 83. f6 Kb6 84. f7 Ka6 85. f8Q Kb6 86. Qb8+ Ka6 87. Qdb5# 1-0

[Event "Hordaland-ch op-B"]
[Site "Bergen"]
[Date "2010.04.16"]
[Round "1"]
[White "Rasmussen, Jonas H"]
[Black "Sorhus, Jostein"]
[Result "0-1"]
[WhiteElo "1211"]
[BlackElo "1243"]
[PlyCount "156"]
[EventDate "2010.04.16"]
[EventType "swiss"]
[EventRounds "5"]
[EventCountry "NOR"]
[SourceTitle "EXT 2024"]
[Source "ChessBase"]
[SourceDate "2023.10.10"]
[SourceVersion "1"]
[SourceVersionDate "2023.10.10"]
[SourceQuality "1"]

1. e4 c5 2. Nf3 d6 3. d4 cxd4 4. Nxd4 Nf6 5. Nc3 a6 6. Bc4 e6 7. Bg5 Be7 8. 0-0 Nxe4 9. Bxe7 Nxc3 10. Bxd8 Nxd1 11. Raxd1 Kxd8 12. Nf3 Ke7 13. Rfe1 Re8 14. Nh4 g6 15. Nf3 Nc6 16. c3 b5 17. Bd5 Bb7 18. Nd4 Rac8 19. Nb3 Nd8 20. Na5 Bxd5 21. Rxd5 f6 22. Rd3 Nf7 23. Rde3 Kd7 24. Rd1 Rc7 25. Red3 d5 26. b4 Ne5 27. Rh3 h5 28. Nb3 Ke7 29. f4 Nd7 30. Rdd3 f5 31. Rhe3 Kf8 32. Nd4 Kf7 33. Nf3 Rc6 34. Ng5+ Kf8 35. Re1 Nf6 36. Nf3 Nd7 37. Nd4 Rb6 38. Rde3 Kf7 39. Nf3 Kf6 40. Ng5 Nf8 41. Re5 Rd6 42. R5e3 d4 43. cxd4 Rxd4 44. a3 Rxf4 45. g3 Rc4 46. h4 e5 47. Rd3 Rc6 48. Red1 Rec8 49. Rd6+ Ke7 50. R6d5 e4 51. Kf2 Rc2+ 52. Kf1 R8c3 53. Nh7 Rxg3 54. Nxf8 Kxf8 55. Rd8+ Kg7 56. R1d6 Rxa3 57. R8d7+ Kh6 58. Rd1 Rh3 59. Kg1 Rxh4 60. R7d6 Rg4+ 61. Kh1 Ra2 62. Rd8 Ra3 63. Kh2 e3 64. Re8 Re4 65. Rxe4 fxe4 66. Kg2 e2 67. Re1 Ra2 68. Kf2 Kg5 69. Ke3 Kf5 70. Kf2 Kf4 71. Rg1 g5 72. Ke1 Ra1+ 73. Kxe2 Rxg1 74. Kf2 Rb1 75. Ke2 h4 76. Kf2 g4 77. Kg2 e3 78. Kh2 e2 0-1

[Event "Bergen Grand Prix B"]
[Site "Bergen"]
[Date "2008.11.29"]
[Round "2"]
[White "Brix, Jan"]
[Black "Sorhus, Jostein"]
[Result "1-0"]
[WhiteElo "1434"]
[BlackElo "1069"]
[PlyCount "71"]
[EventDate "2008.11.28"]
[EventType "swiss"]
[EventRounds "5"]
[EventCountry "NOR"]
[SourceTitle "EXT 2024"]
[Source "ChessBase"]
[SourceDate "2023.10.10"]
[SourceVersion "1"]
[SourceVersionDate "2023.10.10"]
[SourceQuality "1"]

1. d4 Nf6 2. c4 e6 3. Nc3 Bb4 4. Qc2 d5 5. e3 c5 6. Nf3 Nc6 7. cxd5 Qxd5 8. a3 cxd4 9. axb4 dxc3 10. bxc3 b5 11. Bd3 a6 12. 0-0 Bb7 13. e4 Qh5 14. Bf4 Rc8 15. Qb2 0-0 16. h3 e5 17. Be3 Nd7 18. Nd2 Ne7 19. f3 Ng6 20. c4 bxc4 21. Nxc4 Rc6 22. Na5 Rc7 23. Nxb7 Rxb7 24. Bxa6 Rbb8 25. Rfd1 Rfd8 26. b5 Nf4 27. Ba7 Nf8 28. Bxb8 Rxb8 29. b6 N8e6 30. b7 Ng5 31. Bf1 Nfxh3+ 32. gxh3 Nxf3+ 33. Kf2 Nh2 34. Bg2 Qh4+ 35. Kg1 Qf4 36. Ra8 1-0

[Event "Bergen Sommer op-B"]
[Site "Bergen"]
[Date "2008.08.04"]
[Round "2"]
[White "Nilsen, Joachim Birger"]
[Black "Sorhus, Jostein"]
[Result "0-1"]
[WhiteElo "789"]
[BlackElo "1129"]
[PlyCount "162"]
[EventDate "2008.08.03"]
[EventType "swiss"]
[EventRounds "6"]
[EventCountry "NOR"]
[SourceTitle "EXT 2010"]
[Source "ChessBase"]
[SourceDate "2010.11.25"]
[SourceVersion "1"]
[SourceVersionDate "2010.11.25"]
[SourceQuality "1"]

1. d4 Nf6 2. c4 e6 3. Bf4 Bb4+ 4. Bd2 Be7 5. g3 d5 6. c5 Nc6 7. e3 0-0 8. Bb5 Bd7 9. Nf3 a6 10. Bxc6 Bxc6 11. 0-0 Bd7 12. Nc3 Ne4 13. Nxe4 dxe4 14. Ne5 Bc8 15. Qc2 f6 16. Nc4 f5 17. Rac1 Rf6 18. a3 Qe8 19. Qd1 Rh6 20. f3 Qh5 21. Rf2 Bd7 22. fxe4 Qh3 23. Qf3 Rf8 24. exf5 Rxf5 25. Qg2 Rxf2 26. Qxf2 Bc6 27. Ne5 Rf6 28. Qe2 Bb5 29. Qg2 Qh5 30. b3 b6 31. a4 Be8 32. cxb6 cxb6 33. Rf1 h6 34. Rxf6 gxf6 35. Nd3 Qd1+ 36. Ne1 f5 37. Kf1 Bh5 38. e4 fxe4 39. Qxe4 Qxd2 40. Qxe6+ Kf8 41. Qf5+ Bf7 42. Qc8+ Kg7 43. Qg4+ Qg5 44. Qxg5+ hxg5 45. Nd3 Bxb3 46. Nb2 Ba3 47. Nd3 Bxa4 48. Ne5 Bb2 49. Nf3 Kf6 50. Ke2 Be8 51. Kd3 a5 52. h3 a4 53. Kd2 Bg6 54. Ne1 a3 55. Nc2 Bxc2 56. Kxc2 Bxd4 57. Kb3 Bb2 58. Ka2 b5 59. h4 gxh4 60. gxh4 Kg6 61. h5+ Kxh5 62. Kb1 b4 63. Kc2 Kg4 64. Kb3 Kf3 65. Ka2 Ke2 66. Kb3 Kd1 67. Ka2 Kc1 68. Kb3 Kb1 69. Kxb4 a2 70. Kb3 a1Q 71. Kc4 Bf6 72. Kd5 Qd4+ 73. Kc6 Kb2 74. Kc7 Qe5+ 75. Kc6 Kb3 76. Kd7 Kc4 77. Kc6 Qe6+ 78. Kc7 Kc5 79. Kb7 Be5 80. Ka7 Qb6+ 81. Ka8 Qb8# 0-1

[Event "Bergen Sommer op-B"]
[Site "Bergen"]
[Date "2007.08.05"]
[Round "1"]
[White "Sorhus, Jostein"]
[Black "Hjortas, Olav"]
[Result "1-0"]
[WhiteElo "1149"]
[BlackElo "1322"]
[PlyCount "81"]
[EventDate "2007.08.05"]
[EventType "swiss"]
[EventRounds "6"]
[EventCountry "NOR"]
[SourceTitle "EXT 2010"]
[Source "ChessBase"]
[SourceDate "2010.11.25"]
[SourceVersion "1"]
[SourceVersionDate "2010.11.25"]
[SourceQuality "1"]

1. e4 d5 2. exd5 Nf6 3. d4 Bg4 4. Nf3 Nxd5 5. Be2 Nc6 6. c4 Nb6 7. d5 Bxf3 8. Bxf3 Ne5 9. b3 g6 10. Nc3 Bg7 11. 0-0 Nexc4 12. bxc4 Bxc3 13. Rb1 0-0 14. Qc2 Bg7 15. Rd1 Rb8 16. c5 Nd7 17. Be3 f5 18. Rb4 Re8 19. Be2 Nf6 20. Bd4 Nxd5 21. Bc4 c6 22. h4 Bxd4 23. Rxd4 e5 24. Rd3 Kg7 25. Bxd5 cxd5 26. h5 Re6 27. h6+ Kf7 28. Qb3 Qe7 29. Rxd5 Kf8 30. Qd1 Rc6 31. Rd7 Qxc5 32. Rxh7 Qxb4 33. Rh8+ Ke7 34. Rxb8 Qb2 35. Qd8+ Ke6 36. Qe8+ Kf6 37. Qxc6+ Kg5 38. Rxb7 Qa1+ 39. Kh2 Kxh6 40. Qc4 Qe1 41. Qh4# 1-0